000 00950cad a22002295a 4500
001 E151102
008 100930s2009 xxk f 100 0 eng d
020 _a9781842195192
035 _a(Sirsi) u151102
041 0 _aeng
100 1 _aCoertze, R. J.
111 2 _aConstruction and Building Research Conference
_cUniversity of Cape Town
_d10-11 September 2009
245 0 4 _aThe condition of the vertical transportation infrastructure in Gauteng, South Africa
_h[electronic resource]
260 _aLondon
_bRICS
_c2009
520 _aA paper presented at the COBRA Conference in Cape Town on 10-11 September 2009.
590 _aKA
650 2 4 _aCONSTRUCTION AND BUILDING RESEARCH CONFERENCE (COBRA)
651 4 _aSouth Africa
690 _aPROPERTY-INFRASTRUCTURE-TRANSPORT INFRASTRUCTURE
856 4 0 _uhttps://www.rics.org/site/scripts/download_info.aspx?fileID=4985&categoryID=524
_zView the item free of charge at www.rics.org
942 _n0
999 _c111154
_d111154